Biblioteca

Ciencia y religión (Registro nro. 63894)

Detalles MARC
000 -LÍDER
Campo fijo de descripción fija 02699nam a2200349 a 4500
001 - NÚMERO DE CONTROL
Campo de control C01369874c-8
003 - IDENTIFICADOR DEL NÚMERO DE CONTROL
Campo de control CO-MdFUSB
005 - FECHA Y HORA DE LA ULTIMA TRANSACCIÓN
control field 20180622170020.0
008 - ELEMENTOS DE LONGITUD FIJA -- INFORMACIÓN GENERAL
Campo fijo de descripción fija -- Información general 130227s2012 ck a gr 00010 spa d
020 ## - NÚMERO INTERNACIONAL NORMALIZADO PARA LIBROS
Número Internacional Normalizado del libro 9789588422633
040 ## - FUENTE DE CATALOGACIÓN
Agencia de catalogación original CO-BoBLA
Idioma de catalogación spa
Agencia que realiza la transcripción CO-MdFUSB
Agencia que realiza la modificación CO-MdFUSB
Convenciones de la descripción rda
041 0# - CÓDIGO DE IDIOMA
Código de idioma para texto/pista de sonido o título separado spa
043 ## - GEOGRAPHIC AREA CODE
Geographic area code cl------
082 04 - NÚMERO DE CLASIFICACIÓN DECIMAL DEWEY
Número de clasificación G 261.55
Clave de autor-Numero de item C569c
Número de la edición del Dewey 24
245 10 - TÍTULO
Título del Material Ciencia y religión
Parte restante del título - Subtitulo : horizontes de relación desde el contexto latinoamericano
Mención de responsabilidad, etc. / Director Jaime Laurence Bonilla ; Alexander Moreira ... [et al.].
264 #1 - PRODUCCIÓN, PUBLICACIÓN, DISTRIBUCIÓN, MANUFACTURA, Y COPYRIGHT
Lugar de producción, publicación, distribución, manufactura Bogotá :
Nombre del productor, publicador, distribuidor Universidad de San Buenaventura. Facultad de Teología,
Fecha de producción, publicación, distribución, manufactura, o copyright ℗2012
264 #4 - PRODUCCIÓN, PUBLICACIÓN, DISTRIBUCIÓN, MANUFACTURA, Y COPYRIGHT
Fecha de producción, publicación, distribución, manufactura, o copyright ©2012
300 ## - DESCRIPCIÓN FÍSICA
Extensión 315 páginas :
Otros detalles físicos ilustraciones ;
Dimensiones 24 cm.
336 ## - TIPO DE CONTENIDO
Fuente rdacontent
Término de tipo de contenido
Código de tipo de contenido
337 ## - TIPO DE MEDIO
Fuente rdamedia
Nombre del tipo de medio
Código del tipo de medio
338 ## - TIPO DE SOPORTE
Fuente rdacarrier
Nombre del tipo de soporte
Código Tipo de soporte
490 ## - MENCIÓN DE SERIE
Mención de serie Serie teológica
504 ## - NOTA DE BIBLIOGRAFÍA, ETC.
Nota de bibliografía, etc Bibliografía (p. 291- 310)
505 ## - NOTA DE CONTENIDO
Nota de contenido con formato preestablecido Introducción. Ciencia y religión desde América Latina. p.13.-- Capítulo 1. El diálogo teología-ciencia en la teología de la creación latinoamericana. Hitos de un itinerario. p.19.-- Capítulo 2. Diálogo entre teología y ciencia, desde un enfoque metodológico interdisciplinar. p.37.-- Capítulo 3. La teología al encuentro del pensamiento complejo. perspectivas para el diálogo entre las ciencias y la teología. p.53.-- Capítulo 4. La ciencia y las razones de la fe. p.69.-- Capítulo 5. Finalidad y naturaleza : el puente filosófico para el diálogo entre ciencia y religión. p.101.-- Capítulo 6. El incuestionable poder de la inferencia. p.121.-- Capítulo 7. Los confines de la racionalidad de las ciencias empíricas natuales respecto del diálogo con la religión cristiana. p.149.-- Capítulo 8. Mito: de " el otro de la razón" a la razón del otro. Anoraciones sobre la racionalidad mítica como eje central de la relación entre ciencia y religión en América Latina. p.159.-- Capítulo 9. ¿ Son razonables las creencias religiosas? una hermenéutica de las relaciones entre creencia y conocimiento. p.193.-- Capítulo 10. Relevancia de la religión y la ciencia en la perspectiva de la racionalidad científico-técnica contemporánea. p.223.-- Capítulo 11. ¿ Puede la ciencia ( positiva) actual develar el misterio del hombre?. p.237.-- Capítulo 12. Diagnóstico diferencial entre las experiencias espirituales y psicóticas no-patológicas y los trastornos mentales: una contribución al ICD-11 desde los estudios latinoamericanos. p.261.
650 #7 - ASIENTO SECUNDARIO DE MATERIA - TERMINO TEMÁTICO
Término temático o nombre geográfico como elemento de entrada Religión y ciencia
9 (RLIN) 259
650 ## - ASIENTO SECUNDARIO DE MATERIA - TERMINO TEMÁTICO
Término temático o nombre geográfico como elemento de entrada Creencia y duda.
700 1# - ASIENTO SECUNDARIO - NOMBRE PERSONAL
Nombre personal Bonilla Morales, Jaime Laurence.
700 1# - ASIENTO SECUNDARIO - NOMBRE PERSONAL
Nombre personal Moreira, Alexander.
942 ## - TIPO DE MATERIAL (KOHA)
Tipo de Item KOHA Libros General
949 ## - LOCAL PROCESSING INFORMATION (OCLC)
a c
b c
Existencias
Estado de Material Estado de Perdido Forma de Clasificación Estado de Dañado No para Préstamo Colección Biblioteca de Origen Biblioteca Permanente Fecha de Adquisición Total de Préstamos Signatura Topográfica Código de Barras Última vez visto Última vez Préstado Ejemplar/Existencia Fecha de Remplazo Tipo de Material
    Dewey Decimal Classification     Colección General Biblioteca FUSBC Biblioteca FUSBC 18/05/2017 2 G 261.55 C569c 18239 12/12/2019 23/04/2018 Ej. 1 18/05/2017 Libros General

Biblioteca FUSBC | Teléfono: (57+4) 349 88 10 Ext. 141| WhatsApp (+57) 3005338115 
E-mail: biblioteca@unisbc.edu.co | Calle 76 87-14 Robledo Palenque, Medellín, Colombia

Con tecnología Koha